000 004620000a22001570004500
003 MACL
005 20171117130517.0
008 171117b xxu||||| |||| 00| 0 eng d
040 _cmacl
100 _aडॉ. हरिप्रसाद
_946546
245 _aअपराधी
260 _bचिंतन प्रकाशन
_c2000
_aदिल्‍ली
350 _a175
650 _aउपन्‍यास
_969455
942 _cHIN
_k891.433/THA/N
_2ddc
999 _c9671
_d9671